|
|
|
|
| LEADER |
00648nab a2200169 i 4500 |
| 001 |
acta52758 |
| 005 |
20260224081030.0 |
| 008 |
180412s1937 hu o 000 hun d |
| 040 |
|
|
|a SZTE Egyetemi Kiadványok Repozitórium
|b hun
|
| 041 |
|
|
|a hun
|
| 100 |
1 |
|
|a Váradi József
|
| 245 |
1 |
2 |
|a A nemzeti kisebbségek és oktatásügyük
|h [elektronikus dokumentum] /
|c Váradi József
|
| 260 |
|
|
|c 1937
|
| 300 |
|
|
|a 103-108
|
| 490 |
0 |
|
|a Nevelésügyi szemle
|v 1 No. 1-10
|
| 695 |
|
|
|a Kisebbség - Magyarország - 19-20. sz., Kisebbségi kérdés, Kisebbség - oktatásügy
|
| 856 |
4 |
0 |
|u http://acta.bibl.u-szeged.hu/52758/1/nev_szem_001_103-108.pdf
|z Dokumentum-elérés
|